Nurse notes : (Record no. 7322)

MARC details
000 -LEADER
fixed length control field 00691nam a22002057a 4500
003 - CONTROL NUMBER IDENTIFIER
control field OSt
005 - DATE AND TIME OF LATEST TRANSACTION
control field 20260113053205.0
008 - FIXED-LENGTH DATA ELEMENTS--GENERAL INFORMATION
fixed length control field 260113b |||||||| |||| 00| 0 eng d
020 ## - INTERNATIONAL STANDARD BOOK NUMBER
International Standard Book Number 0-781-71129-0.
040 ## - CATALOGING SOURCE
Original cataloging agency DWCL-Main lib
Transcribing agency OC
082 ## - DEWEY DECIMAL CLASSIFICATION NUMBER
Classification number Circ. 610.73 C718n 1998
100 ## - MAIN ENTRY--PERSONAL NAME
Personal name Colombraro, Geraldine C.
245 ## - TITLE STATEMENT
Title Nurse notes :
Remainder of title pediatric
Statement of responsibility, etc. Colombraro, Geraldine C.
260 ## - PUBLICATION, DISTRIBUTION, ETC.
Place of publication, distribution, etc. Philadelphia :
Name of publisher, distributor, etc. Lippincott,
Date of publication, distribution, etc. c1998.
300 ## - PHYSICAL DESCRIPTION
Extent xvi, 259 pages :
Other physical details chiefly illustration ;
Dimensions 28 cm.
650 ## - SUBJECT ADDED ENTRY--TOPICAL TERM
Source of heading or term 1. Pediatric nursing-Examinations, questions, etc.
650 ## - SUBJECT ADDED ENTRY--TOPICAL TERM
Source of heading or term 2. Pediatric nursing-Outlines, syllabi, etc.
700 ## - ADDED ENTRY--PERSONAL NAME
Personal name Lagerquist, Sally Lambert
942 ## - ADDED ENTRY ELEMENTS (KOHA)
Source of classification or shelving scheme Dewey Decimal Classification
Koha item type Book Circulation
Call number prefix Circ.
Suppress in OPAC No
952 ## - LOCATION AND ITEM INFORMATION (KOHA)
--
Holdings
Withdrawn status Lost status Source of classification or shelving scheme Damaged status Not for loan Home library Current library Shelving location Date acquired Source of acquisition Cost, normal purchase price Total Checkouts Full call number Barcode Date last seen Copy number Price effective from Koha item type Uniform Resource Identifier
    Dewey Decimal Classification     HM & Nursing Library HM & Nursing Library Circulation 12/18/2007 Donation 0.00   Circ. 610.73 C718n 1998 45492 01/13/2026 c1 01/13/2026 BK-CIRC